Korea: kettészakítva. {Corea: rupta in doua}. [The breaked Choreea]
Elmentve itt :
| Szerző: | |
|---|---|
| Adatforrás: | Meister |
| Forrásdokumentuma: | A Hét. - 2002. 5, 11. |
| Nyelv: | magyar |
| Kulcsszavak: | politikatörténet istoria politicii history of politics KOREA Corea Choreea |
| LEADER | 00490nab a2200181 i 4500 | ||
|---|---|---|---|
| 001 | bibPRO00012432 | ||
| 008 | 080908s2002 xx hun | ||
| 040 | |a Sz1 | ||
| 041 | |a hun | ||
| 100 | 1 | |a NÉMETH Csaba | |
| 245 | 1 | 0 | |a Korea: kettészakítva. {Corea: rupta in doua}. [The breaked Choreea] |c NÉMETH Csaba |
| 695 | |a politikatörténet | ||
| 695 | |a istoria politicii | ||
| 695 | |a history of politics | ||
| 695 | |a KOREA | ||
| 695 | |a Corea | ||
| 695 | |a Choreea | ||
| 773 | 0 | |t A Hét. - |g 2002. 5, 11. | |